F1 Podiums 2021 - Statistics

General Stats
  • This quiz has been taken 184 times
  • The average score is 13 of 13
Answer Stats
Hint Answer % Correct
a Lewis Hamilton
100%
a Max Verstappen
100%
a Sergio Perez
99%
a Daniel Ricciardo
98%
a Esteban Ocon
98%
a Valtteri Bottas
98%
a Lando Norris
97%
a Charles Leclerc
96%
a Sebastian Vettel
96%
a Fernando Alonso
95%
a Carlos Sainz
94%
a George Russell
94%
a Pierre Gasly
91%
No matching quizzes found
Score Distribution
Percent of People with Each Score
Percentile by Number Answered
Your Score History
You have not taken this quiz